00310pab a2200121 454500008004000000100001700040245004600057260000900103300000900112362001100121650003600132773002000168180718b1995 xxu||||| |||| 00| 0 eng d aGangal, S.C. aForm of governmentbis change called for. c1995 ap.13 a13 May aIndia - Politics and government aHindustan Times